| 000 | 00422nab a2200145Ia 4500 | ||
|---|---|---|---|
| 003 | ES-SlBCS | ||
| 005 | 20210601133825.0 | ||
| 008 | 140529s1984 xxu||||| |||| 00| 0 por d | ||
| 041 | _apor | ||
| 100 | 1 |
_aSidekum, Antonio _9210212 |
|
| 245 | 0 | 0 |
_aConciência e Açao _c Antonio Sidekum |
| 650 | 0 | 4 |
_aConciencia-Acción _9210213 |
| 773 | 0 |
_tPresença Filosofica _gvol. 10, nº. 3-4, 1984, págs. 99-102 _wRev966 |
|
| 942 | _cAR | ||
| 999 |
_c602699 _d602699 |
||